मराठी वृत्तपत्राचा इतिहास (क. क्र. 25/4) (Record no. 419727)

MARC details
000 -LEADER
fixed length control field 00777nam a2200169Ia 4500
008 - FIXED-LENGTH DATA ELEMENTS--GENERAL INFORMATION
fixed length control field 100122s9999 xx 000 0 und d
082 ## - DEWEY DECIMAL CLASSIFICATION NUMBER
Item number 37267
Classification number 823
100 ## - MAIN ENTRY--PERSONAL NAME
Personal name लेले रा के
245 ## - TITLE STATEMENT
Title मराठी वृत्तपत्राचा इतिहास (क. क्र. 25/4)
260 ## - PUBLICATION, DISTRIBUTION, ETC. (IMPRINT)
Name of publisher, distributor, etc कॉटिनेंटल प्रकाशन
Date of publication, distribution, etc 1905
300 ## - PHYSICAL DESCRIPTION
Extent 1165
520 ## - SUMMARY, ETC.
Summary, etc वृत्तपत्रांचा इतिहास
620 ## -
-- वृत्तपत्रांचा इतिहास
630 ## - SUBJECT ADDED ENTRY--UNIFORM TITLE
Uniform title मराठी वृत्तपत्राचा इतिहास (क. क्र. 25/4)
730 ## - ADDED ENTRY--UNIFORM TITLE
Uniform title मराठी वृत्तपत्राचा इतिहास (क. क्र. 25/4)
942 ## - ADDED ENTRY ELEMENTS (KOHA)
Koha item type Book
Holdings
Withdrawn status Lost status Damaged status Not for loan Home library Current library Date acquired Cost, normal purchase price Total Checkouts Full call number Barcode Date last seen Cost, replacement price Price effective from Koha item type Public note
        S.V. Pathak Library, Vile Parle S.V. Pathak Library, Vile Parle 02/08/1985 150.00   37267 SVPPARLE-37267 01/25/2010 150.00 01/25/2010 Book General NA